01045 2200469 4500001002100000005001500021008004100036035002000077082000800097084001400105100001900119245007100138250000600209260003400215300001200249650001400261990001200275990001200287990001200299990001200311990001200323990001200335990001200347990001200359990001200371990001200383990001200395990001200407990001200419990001200431990001200443990001200455990001200467990001200479990001200491990001200503990001200515990001200527990001200539990001200551990001200563INLIS00000000000013120240502110250240502 0 ind  a0010-0424000107 a900 a900 IND s aSawitri, Indah1 aBuku Siswa Sejarah XII Peminatan ( Edisi Revisi ) /cIndah Sawitri a1 aSurakarta :bMediatama,c2016 a198 hlm 4aNon Fiksi a0736968 a0736969 a0736970 a0736971 a0736972 a0736973 a0736974 a0736975 a0736976 a0736977 a0736978 a0736979 a0736980 a0736981 a0736982 a0736983 a0736984 a0736985 a0736986 a0736987 a0736988 a0736989 a0736990 a0736991 a0736992